2024 edition SSC CGL combined graduate level TIER I ONLINE CBE computer based exam 20 PRACTICE SETS (Record no. 67189)
[ view plain ]
| 000 -LEADER | |
|---|---|
| fixed length control field | 00452nam a22001577a 4500 |
| 003 - CONTROL NUMBER IDENTIFIER | |
| control field | MACL |
| 005 - DATE AND TIME OF LATEST TRANSACTION | |
| control field | 20241019153325.0 |
| 008 - FIXED-LENGTH DATA ELEMENTS--GENERAL INFORMATION | |
| fixed length control field | 241019b |||||||| |||| 00| 0 eng d |
| 040 ## - CATALOGING SOURCE | |
| Transcribing agency | MACL |
| 082 ## - DEWEY DECIMAL CLASSIFICATION NUMBER | |
| Classification number | 001 |
| Item number | General Studies |
| 100 ## - MAIN ENTRY--PERSONAL NAME | |
| Personal name | Kiran |
| 245 ## - TITLE STATEMENT | |
| Title | 2024 edition SSC CGL combined graduate level TIER I ONLINE CBE computer based exam 20 PRACTICE SETS |
| 260 ## - PUBLICATION, DISTRIBUTION, ETC. (IMPRINT) | |
| Place of publication, distribution, etc. | DELHI |
| Name of publisher, distributor, etc. | Kiran |
| Date of publication, distribution, etc. | 2024 |
| 610 ## - SUBJECT ADDED ENTRY--CORPORATE NAME | |
| Corporate name or jurisdiction name as entry element | General Studies |
| 9 (RLIN) | 82584 |
| 942 ## - ADDED ENTRY ELEMENTS (KOHA) | |
| Source of classification or shelving scheme | |
| Koha item type | Books |
| Withdrawn status | Lost status | Source of classification or shelving scheme | Damaged status | Not for loan | Home library | Current library | Date acquired | Cost, normal purchase price | Total Checkouts | Full call number | Barcode | Date last seen | Date last checked out | Price effective from | Koha item type |
|---|---|---|---|---|---|---|---|---|---|---|---|---|---|---|---|
| MACL | MACL | 19/10/2024 | 235.00 | 2 | 001 General Studies | DPI002479 | 26/02/2026 | 19/02/2026 | 19/10/2024 | Books | |||||
| MACL | MACL | 19/10/2024 | 235.00 | 001 General Studies | DPI002478 | 19/10/2024 | 19/10/2024 | Books | |||||||
| MACL | MACL | 19/10/2024 | 235.00 | 2 | 001 General Studies | DPI002477 | 19/09/2025 | 12/09/2025 | 19/10/2024 | Books |









